000 00712nam a2200229Ia 4500
003 GCL
005 20240530102711.0
008 140319s9999 xx 000 0 ara d
040 _aGCL /
_cGCL
082 0 4 _a939
_bق/ع ش
100 1 _aعبدالعزيز صالح
245 1 0 _aالشرق الادنى القديم :
_bج 1 مصر والعراق /
_cعبدالعزيز صالح
250 _aط4
_bمزيدة ومنقحة
260 _aالقاهرة :
_bمكتبة الانجلوالمصرية ،
_c1984
300 _a618 ص ؛
_c30 سم
650 0 4 _aمصر
650 0 4 _aتاريخ
650 0 4 _aالحضارة
650 0 4 _aالعراق
650 0 4 _aالعالم القديم
942 _2ddc
_cBK
999 _c34133
_d34133